000
00252nam a2200097Ia 4500
001
1228713
005
20250827093047.0
008
250824s9999 xx 000 0 und d
245
0
_a
GOLLUN UYUYAN DEVİ
_c
TONY ABBOTT
260
_b
ALTIN KİTAPLAR YAYINLARI
999
_c
1228713
_d
1228713